000 00596nam a2200133Ia 4500
008 171212s9999 xx 000 0 und d
020 _a9781760461355
100 _aVowles, Jack;Coffé, Hilde;Curtin, Jennifer
245 _cVowles, Jack;Coffé, Hilde;Curtin, Jennifer
_aA Bark But No Bite
_bInequality and the 2014 New Zealand General Election
260 _bANU E Press
_c2017
650 _aNew Zealand. Parliament -- Elections, 2014; Elections -- New Zealand; New Zealand -- Politics and government -- 21st century
650 _aPolitical Science
856 _uhttp://jstor.org/stable/j.ctt1vw0p68
999 _c350961
_d350961